000 00313nam a2200133 i 4500
001 bg
100 1 _aKROKIEWICZ, Adam
245 0 _aArystoteles, Pirron i Plotyn /
_cAdam Krokiewicz.
260 _aWarszawa,
_c1974.
040 _cBPK
041 _apol
942 _cKS
008 s pl f |000 0 pol
999 _c26734
_d26734
856 _uhttp://koha.tu.koszalin.pl/cgi-bin/koha/opac-detail.pl?biblionumber=26734
_yKatalog online BPK